Szczegóły MARC21

Identyfikacja, wiek i przyczyny holoceńskich ingresji i regresji Bałtyku na polskim wybrzeżu środkowym /

003 -Nazwa inst., której nr kontr. jest w polu 001 [,]
    • @
    • Nazwa instytucji, której n kontrolny jest w polu 001
    • NUKAT
005 -DATA I CZAS OSTATNIEJ MODYFIKACJI [,]
    • @
    • pole kontrolne
    • 20241231102507.0
020 -Międzynarod. znormalizowany nr książki - ISBN [ , ]
    • a
    • Numer ISBN
    • 9788391104576 Find
040 -Instytucja sporządzająca opis [ , ]
    • a
    • Instytucja, która sporządziła opis (NP)
    • LUBL U/RCe
    • c
    • Instytucja, która sporządziła rekord (NP)
    • LUBL U/RCe
    • d
    • Instytucja, która zmodyfikowała rekord (P)
    • LUBL U/RCe
041 -Język dokumentu [0, ]
    • a
    • Język tekstu (P)
    • polski
    • b
    • Język streszczeń lub abstraktu (P)
    • angielski
942 -Rodzaj dokumentu [ , ]
    • c
    • Rodzaj dokumentu
    • Książka
100 -Hasło główne - nazwa osobowa [1, ]
    • a
    • Nazwa osobowa (NP)
    • Rotnicki, Karol.
    • 9
    • KHW
    • 13633
245 -Strefa tytułu i oznaczenia odpowiedzialności [1,0]
    • a
    • Tytuł
    • Identyfikacja, wiek i przyczyny holoceńskich ingresji i regresji Bałtyku na polskim wybrzeżu środkowym / Find
    • c
    • Pozostałe elementy strefy tytułu i oznaczenia odpowiedzialności (NP)
    • Karol Rotnicki.
260 -Strefa adresu wydawniczego [ , ]
    • a
    • Miejsce wydania (P)
    • Smołdzino :
    • b
    • Nazwa wydawcy (P)
    • Wydawnictwo Słowińskiego Parku Narodowego,
    • c
    • Data wydania (P)
    • 2009.
300 -Strefa opisu fizycznego [ , ]
    • a
    • Określenie formy książki i/lub objętość (NP)
    • 100 s., [2] k. tabl. złoż. :
    • b
    • Oznaczenie ilustracji (NP)
    • il. ;
    • c
    • Format (NP)
    • 30 cm.
336 -Typ zawartości [ , ]
    • a
    • Termin opisujący typ zawartości
    • Tekst
    • b
    • Kod określający zawartość
    • txt
    • 2
    • Źródło (terminu i kodu)
    • rdacontent
337 -Typ mediów [ , ]
    • a
    • Tryb odtwarzania
    • Bez urządzenia pośredniczącego
    • b
    • Kod typu mediów
    • n
    • 2
    • Źródło (terminu i kodu)
    • rdamedia
338 -Typ/rodzaj nośnika [ , ]
    • a
    • Hasło opisujące typ nośnika
    • Wolumin
    • b
    • Kod typu nośnika
    • nc
    • 2
    • Źródło (terminu i kodu)
    • rdacarrier
504 -Uwaga dot. bibliogr. załącznikowej [ , ]
    • a
    • Uwaga dot. bibliografii załącznikowej
    • Bibliogr. s. 84-94.
546 -Uwaga dot. języka [ , ]
    • a
    • Uwaga dot. języka
    • Streszcz. ang.
080 -Uniwersalna Klasyfikacja Dziesiętna [ , ]
    • 2
    • Identyfikator wydania tablic
    • UDC-P058
    • 9
    • UKD
    • 4264
    • a
    • Symbol klasyfikacji
    • 551.43
    • b
    • Dopowiedzenie
    • Struktury i formy ukształtowania powierzchni Ziemi. Góry i doliny. Wyżyny. Równiny. Formy wybrzeży. Mierzeje. Wydmy. Pustynie. Torfowiska. Osuwiska. Atole. Rafy koralowe.
    • 4
    • UKD2
    • 10469
    • x
    • Poddział wspólny
    • (261.24)
    • c
    • Dopowiedzenie poddz. wspólnego
    • (Morze Bałtyckie. Bałtyk).
080 -Uniwersalna Klasyfikacja Dziesiętna [ , ]
    • 2
    • Identyfikator wydania tablic
    • UDC-P058
    • 9
    • UKD
    • 4267
    • a
    • Symbol klasyfikacji
    • 551.468
    • b
    • Dopowiedzenie
    • Geografia morza. Głębokie partie morza. Zatoki, fiordy, cieśniny. Płytkie partie morza. Mierzeje. Laguny.
    • 4
    • UKD2
    • 10469
    • x
    • Poddział wspólny
    • (261.24)
    • c
    • Dopowiedzenie poddz. wspólnego
    • (Morze Bałtyckie. Bałtyk).
080 -Uniwersalna Klasyfikacja Dziesiętna [ , ]
    • 2
    • Identyfikator wydania tablic
    • UDC-P058
    • 9
    • UKD
    • 4284
    • a
    • Symbol klasyfikacji
    • 551.79
    • b
    • Dopowiedzenie
    • Czwartorzęd. Plejstocen. Epoka lodowcowa. Glacjały i interglacjały. Holocen.
    • 4
    • UKD2
    • 10469
    • x
    • Poddział wspólny
    • (261.24)
    • c
    • Dopowiedzenie poddz. wspólnego
    • (Morze Bałtyckie. Bałtyk).
650 -Hasło przedmiotowe [ ,7]
    • a
    • Hasło przedmiotowe
    • Geomorfologia
    • z
    • Określnik geograficzny
    • Polska Północna
    • y
    • Określnik chronologiczny
    • holocen.
    • 2
    • Źródło terminu
    • kaba
    • 9
    • KHW
    • 703726
650 -Hasło przedmiotowe [ ,7]
    • a
    • Hasło przedmiotowe
    • Paleogeografia
    • z
    • Określnik geograficzny
    • Polska
    • z
    • Określnik geograficzny
    • Bałtyku, Wybrzeże.
    • 2
    • Źródło terminu
    • kaba
    • 9
    • KHW
    • 441394
651 -Hasło przedmiotowe w formie nazwy geograficznej [ ,7]
    • a
    • Nazwa geograficzna
    • Bałtyk (morze)
    • x
    • Określnik rzeczowy
    • badania.
    • 2
    • Źródło terminu
    • kaba
    • 9
    • KHW
    • 373866
980 -Symbol UKD [ , ]
    • a
    • UKD
    • 551.43:551.468:551.79](261.24)
920 -ISBN [ , ]
    • a
    • ISBN
    • 978-83-911045-7-6 Find
Numer inwentarzowy Status udost. Lokalizacja Data inwentaryzacji
Z.1140921BG2010-03-26
WM.10881-3BG2010-03-26
WM.10882-3BG2010-03-26
WM.10883-3BG2010-03-26
WM.10884-3BG2010-03-26
WM.10885-3BG2010-03-26